Untold Stories From the Indian Army (Record no. 12450)

MARC details
000 -LEADER
fixed length control field 00280nam a22000977a 4500
008 - FIXED-LENGTH DATA ELEMENTS--GENERAL INFORMATION
fixed length control field 231013b |||||||| |||| 00| 0 eng d
020 ## - INTERNATIONAL STANDARD BOOK NUMBER
International Standard Book Number 9789353451370
100 ## - MAIN ENTRY--PERSONAL NAME
Personal name Dua Satish Gen LT
9 (RLIN) 7717
245 ## - TITLE STATEMENT
Title Untold Stories From the Indian Army
260 ## - PUBLICATION, DISTRIBUTION, ETC. (IMPRINT)
Place of publication, distribution, etc. New Delhi
Name of publisher, distributor, etc. Juggernaut Books
Date of publication, distribution, etc. 2020
Holdings
Withdrawn status Lost status Source of classification or shelving scheme Damaged status Koha normalized classification for sorting Not for loan Home library Current library Shelving location Date acquired Total Checkouts Full call number Barcode Date last seen Price effective from Koha item type
    Dewey Decimal Classification   DUA_823_000000000000000   Good Samaritan School Library Good Samaritan School Library FICTION 10/13/2023   DUA823 DUA17658 10/13/2023 10/13/2023 BOOK

Powered by Koha